Sucesiones / (Registro nro. 3813)

000 -CABECERA
Longitud fija campo de control 00590nam a22001937a 4500
003 - IDENTIFICADOR DELl NÚMERO DE CONTROL
Identificador del número de control OSt
005 - FECHA Y HORA DE LA ÚLTIMA TRANSACCIÓN
Fecha y hora de la última transacción 20200729150218.0
008 - CÓDIGOS DE INFORMACIÓN DE LONGITUD FIJA
Códigos de información de longitud fija 030206s2002 ck 000 0 spa d
040 ## - FUENTE DE LA CATALOGACIÓN
Centro transcriptor OSt
082 04 - NÚMERO DE LA CLASIFICACIÓN DECIMAL DEWEY
Número de edición DEWEY 21
Número de clasificación Decimal CH 346.052
Número de documento (Cutter) C789
100 1# - PUNTO DE ACCESO PRINCIPAL-NOMBRE DE PERSONA
Nombre de persona Cruz López, Reinaldo
9 (RLIN) 641
245 00 - TÍTULO PROPIAMENTE DICHO
Título Sucesiones /
Mención de responsabilidad, etc. Reinaldo Cruz López
250 ## - MENCIÓN DE EDICIÓN
Mención de edición 5ª ed.
260 ## - PUBLICACIÓN, DISTRIBUCIÓN, ETC. (PIE DE IMPRENTA)
Lugar de publicación, distribución, etc. Tegucigalpa :
Nombre del editor, distribuidor, etc. Fuego nuevo ,
Fecha de publicación, distribución, etc. 2003.
300 ## - DESCRIPCIÓN FÍSICA
Extensión 214 p.
650 04 - PUNTO DE ACCESO ADICIONAL DE MATERIA - TÉRMINO DE MATERIA
Fuente del encabezamiento o término LEMB
Subdivisión de materia general DERECHO CIVIL- SUCESIONES
9 (RLIN) 663
856 ## - LOCALIZACIÓN Y ACCESO ELECTRÓNICO
Identificador Uniforme del Recurso (URI) https://drive.google.com/file/d/1lfy8nHKZl7xyGeQ-FmHL5LN_C0kLuRJ8/view?usp=sharing
942 ## - ENTRADA DE ELEMENTOS AGREGADOS (KOHA)
Fuente de clasificaión o esquema
Koha [por defecto] tipo de item Libro
Existencias
Fecha de Descarte Fecha adquisición Localización en estanterías No para préstamo Forma de Material Código de barras Tipo de Descarte Localización actual Préstamos totales Número de copia Disponibilidad Coste, precio normal de compra Localización permanente Mostrar en OPAC Renovaciones totales Fuente de clasificación o esquema Fecha última consulta Fecha último préstamo Signatura completa Asignatura Restricciones de uso
2013-05-112013-05-11Fondo GeneralNULLHondureña00583NULLBiblioteca Central  Ej. 1NULL175.00Biblioteca Central NULL  2013-05-11 CH 346.052 C789USAPNULL
2013-06-282013-06-28Fondo GeneralNULLHondureña00584NULLBiblioteca Central 19Ej. 2NULL175.00Biblioteca Central NULL22 2020-02-272020-02-25CH 346.052 C789USAP 
2013-09-122013-09-12Fondo GeneralNULLHondureña05768NULLBiblioteca Central 20Ej. 3NULL Biblioteca Central NULL16 2020-02-292020-02-25CH 346.052 C789USAP 
2018-08-142018-08-14Fondo GeneralNULLHondureña15971NULLBiblioteca Central 5Ej. 4NULL Biblioteca Central NULL6 2020-03-102020-03-06CH 346.052 C789USAP 
2023-11-242023-11-24Fondo GeneralNULLColección General20070NULLBiblioteca Central  Ej. 5NULL Biblioteca Central NULL  2023-11-24 CH 346.052 C789USAP 

Campus Universitario - Ave. Circunvalación - San Pedro Sula, Honduras, C.A. / Tel: +504 2561.8777 / Fax: +504 2561.8787 / Email: info@usap.edu
Todos los Derechos Reservados. © MMXIII Universidad de San Pedro Sula